000 00828nam a2200229Ia 4500
001 9803
003 GE_BSU
008 181216s||||||||xx |||||||||||||| ||und||
040 _cGE_BSU
080 _a821.353.1–1+821.353.1-11
100 _aნიშნიანიძე,შოთა
245 _aგადასახედი
245 _bლექსები და ნაწყვეტი პოემიდან
245 _cრედ.ლ.თურმანიძე.;მხატვ.სპ.ცინცაძე
260 _aთბილისი
260 _bმერანი
260 _c1977
300 _a366გვ.1ფ.პორტრ.20სმ.
653 _aგადასახედი
653 _aლექსები და ნაწყვეტი პოემიდან
942 _cBK
999 _c43083
_d43083